000 00429nam a2200181Ia 4500
001 24237
005 20260414151030.0
008 260414t2007||||xx |||||||||||||| ||spa||
041 _aESP
082 _a345.2
_bA58
100 _aAngulo Arana, Pedro M.
_eAUT
245 0 _aEl interrogatorio de testigos
_b
260 _c2007
300 _a207 páginas :
_ccm.
650 _aDER
654 _aCDE
942 _cLIB
_dJUS
_fJUS
_2ddc
_n
999 _c24237
_d24237